书目信息 |
| 题名: |
城镇建设工程概预算编制手册
|
|
| 作者: | 张婉珍 编 | |
| 分册: | ||
| 出版信息: | 北京 中国建筑工业出版社 |
|
| 页数: | 549页 | |
| 开本: | 32开 | |
| 丛书名: | ||
| 单 册: | ||
| 中图分类: | F407.9 | |
| 科图分类: | ||
| 主题词: | 工业经济--经济理论 | |
| 电子资源: | ||
| ISBN: | 7-112-01350-X | |
| 000 | 00595nam0 2200193 45 | |
| 001 | 0006101579 | |
| 005 | 20000507094324.2 | |
| 010 | @a7-112-01350-X@d13.00元 | |
| 100 | @a20000610d km y0chiy0120 ea | |
| 101 | 0 | @achi |
| 105 | @a z 000yy | |
| 200 | 1 | @a城镇建设工程概预算编制手册@ACheng Zhen Jian She Gong Cheng Gai Yu Suan Bian Zhi Shou Ce@f张婉珍编@FZhang Wan Zhen Bian |
| 210 | @a北京@c中国建筑工业出版社 | |
| 215 | @a549页@d32开 | |
| 606 | 0 | @a工业经济@x经济理论 |
| 690 | @aF407.9@v3 | |
| 701 | 0 | @a张婉珍@4编 |
| 801 | @aCN@bPftUser@c20000610 | |
| 905 | @dF407.9@eZ953@b515201-220@f20 | |
| 城镇建设工程概预算编制手册/张婉珍编.-北京:中国建筑工业出版社 |
| 549页;32开 |
| ISBN 7-112-01350-X:13.00元 |
| ● |
| 相关链接 |
|
|
|
正题名:城镇建设工程概预算编制手册
索取号:F407.9/Z953
 
预约/预借
| 序号 | 登录号 | 条形码 | 馆藏地/架位号 | 状态 | 备注 |
| 1 | 515201 | 205152010 | 社科库409/400B社科库 2排4列1层/ [索取号:F407.9/Z953] | 在馆 | |
| 2 | 515202 | 205152029 | 社科二线422/409社科库 35排1列5层/ [索取号:F407.9/Z953] | 在馆 | |
| 3 | 515203 | 205152038 | 社科二线422/409社科库 35排1列5层/ [索取号:F407.9/Z953] | 在馆 | |
| 4 | 515204 | 205152047 | 社科二线422/409社科库 35排1列5层/ [索取号:F407.9/Z953] | 在馆 | |
| 5 | 515205 | 205152056 | 社科二线422/409社科库 35排1列5层/ [索取号:F407.9/Z953] | 在馆 | |
| 6 | 515206 | 205152065 | 社科二线422/409社科库 35排1列5层/ [索取号:F407.9/Z953] | 在馆 | |
| 7 | 515207 | 205152074 | 社科库409/409社科库 35排1列5层/ [索取号:F407.9/Z953] | 在馆 | |
| 8 | 515208 | 205152083 | 社科二线422/409社科库 35排1列5层/ [索取号:F407.9/Z953] | 在馆 | |
| 9 | 515209 | 205152092 | 社科库409/409社科库 35排1列3层/ [索取号:F407.9/Z953] | 在馆 | |
| 10 | 515210 | 205152109 | 社科二线422/409社科库 35排1列5层/ [索取号:F407.9/Z953] | 在馆 | |
| 11 | 515211 | 205152118 | 社科二线422/409社科库 35排1列5层/ [索取号:F407.9/Z953] | 在馆 | |
| 12 | 515212 | 205152127 | 社科二线422/409社科库 35排1列5层/ [索取号:F407.9/Z953] | 在馆 | |
| 13 | 515213 | 205152136 | 社科二线422/409社科库 35排1列5层/ [索取号:F407.9/Z953] | 在馆 | |
| 14 | 515214 | 205152145 | 社科二线422/409社科库 35排1列5层/ [索取号:F407.9/Z953] | 在馆 | |
| 15 | 515215 | 205152154 | 社科二线422/409社科库 35排1列5层/ [索取号:F407.9/Z953] | 在馆 | |
| 16 | 515216 | 205152163 | 社科二线422/422社科库 17排2列1层/ [索取号:F407.9/Z953] | 在馆 | |
| 17 | 515217 | 205152172 | 社科二线422/409社科库 35排1列5层/ [索取号:F407.9/Z953] | 在馆 | |
| 18 | 515218 | 205152181 | 社科库409/400B社科库 1排3列3层/ [索取号:F407.9/Z953] | 在馆 | |
| 19 | 515219 | 205152190 | 社科二线422/409社科库 35排1列5层/ [索取号:F407.9/Z953] | 在馆 | |
| 20 | 515220 | 205152207 | 社科二线422/409社科库 35排1列5层/ [索取号:F407.9/Z953] | 在馆 |